Origen de los inmigrantes en Argentina hasta 1940 - Estadísticas

Estadísticas generales
  • Esta prueba ha sido intentada 284 veces
  • La puntuación promedio es 10 de 15
Estadísticas de respuestas
Pista Respuesta % Correcto
2 970 000 italianos
100%
2 080 000 espanoles
99%
152 000 alemanes
95%
239 000 franceses
91%
177 000 rusos
89%
180 000 polacos
83%
65 000 portugueses
80%
44 000 suizos
63%
174 000 turcos
61%
26 000 belgas
55%
48 000 yugoslavos
55%
12 000 estadounidenses
48%
75 000 Británicos
43%
18 000 daneses
43%
111 000 austrohúngaros
15%
No se encontraron pruebas coincidentes
Distribución de puntuación
Porcentaje de gente con cada puntuación
Porcentaje por número respondido
Historial de tus puntuaciones
No has intentado esta prueba.